Biggest Cities in Latin America A-Z - Statistics

General Stats
  • This quiz has been taken 30 times
  • The average score is 11 of 22
Answer Stats
Letter Population Answer % Correct
B 16,890,600 Buenos Aires
96%
L 12,670,700 Lima
93%
M 23,016,800 Mexico City
93%
R 14,023,100 Rio de Janeiro
93%
S 23,168,700 São Paulo
93%
A 3,685,660 Asunción
79%
Q 2,048,670 Quito
79%
G 6,656,180 Guadalajara
71%
F 4,320,440 Fortaleza
68%
T 2,367,770 Tijuana
64%
P 4,298,730 Porto Alegre
61%
C 3,923,290 Curitiba
46%
V 2,054,030 Valencia
39%
N 1,591,510 Natal
32%
J 1,459,810 Joao Pessoa
21%
U 731,528 Uberlandia
18%
Z 1,142,483 Zapopan
18%
E 1,655,015 Ecatepec de Morelos
14%
H 415,367 Huancayo
7%
O 677,856 Osasco
7%
I 1,815,786 Iztapalapa
0%
X 424,755 Xalapa de Enriquez
0%
No matching quizzes found
Score Distribution
Percent of People with Each Score
Percentile by Number Answered
Your Score History
You have not taken this quiz